000 00477nam a22001817a 4500
005 20251212121856.0
008 251212b |||||||| |||| 00| 0 eng d
040 _aMAIN
082 _a491.25
_bP194P
100 _aPankaj Kumar
245 _aPanini vyakaran mein sandhi: Ek adhyayan
260 _bDepartment of Sanskrit, M D University, Rohtak
_c2024
300 _axxvi, 240
650 _aSanskrit
650 _aPanini Grammar
700 _aSurender Kumar
942 _cTH
999 _c395182
_d395182